[Event "GER-ch Youth-C"]
[Site "Willingen"]
[Date "2022.06.09"]
[Round "7"]
[White "Pac, Maksym"]
[Black "Braschler, David"]
[Result "1-0"]
[WhiteElo "1033"]
[BlackElo "1046"]
[PlyCount "51"]
[EventDate "2022.06.04"]
[EventType "swiss"]
[EventRounds "9"]
[EventCountry "GER"]
[SourceTitle "CBM 208 Extra"]
[Source "ChessBase"]
[SourceDate "2022.07.31"]
[SourceVersion "1"]
[SourceVersionDate "2022.07.31"]
[SourceQuality "1"]

1. d4 d5 2. Nc3 Nf6 3. Bf4 a6 4. e3 Bf5 5. f3 Nc6 6. g4 Bg6 7. h4 h6 8. Bd3 Bxd3 9. Qxd3 e6 10. 0-0-0 Bd6 11. Nge2 Qe7 12. g5 Bxf4 13. gxf6 Bxe3+ 14. Qxe3 Qxf6 15. Nxd5 Qd8 16. Ndc3 0-0 17. d5 exd5 18. Nxd5 Qe8 19. Qxe8 Raxe8 20. Nd4 Nxd4 21. Rxd4 c6 22. Nc3 Re6 23. Re4 Rf6 24. Re7 Rb8 25. Rf1 Rf4 26. Re4 1-0